| 000 | 01088nam a22003617a 4500 | ||
|---|---|---|---|
| 003 | CHAP | ||
| 005 | 20220329143601.0 | ||
| 008 | 100722s1984 uk1a r 00010 eng d | ||
| 010 | _a98856 | ||
| 011 | _a99828 | ||
| 020 | _a0722515758 | ||
| 035 | _a110514 | ||
| 040 | _cCHAP | ||
| 082 | 1 | 4 |
_a581.634 _bC33 |
| 110 | 1 |
_aCERES _921489 |
|
| 245 | 1 | 4 |
_aThe healing power of herbal teas _c/por CERES |
| 250 | _a2 ed. | ||
| 260 |
_aLondres : _bThorsons, _c1984 |
||
| 300 |
_a159 p. : _bilus. |
||
| 590 |
_aBATCH-UPD _b10 _c20130110 _lUCH01 _h1137 |
||
| 590 |
_aBATCH-UPD _b10 _c20130410 _lUCH01 _h0724 |
||
| 590 |
_aBATCH-UPD _b10 _c20130913 _lUCH01 _h1857 |
||
| 590 |
_aCONVERSION _b10 _c20130109 _lUCH01 _h1355 |
||
| 650 | 1 | 4 |
_aAceites esenciales. _9455 |
| 650 | 1 | 4 |
_aBotánica médica. _914680 |
| 650 | 1 | 4 |
_aFarmacología. _939762 |
| 650 | 1 | 4 |
_aMedicina tradicional. _973921 |
| 650 | 1 | 4 |
_aPlantas aromáticas. _988900 |
| 650 | 1 | 4 |
_aTerapéutica fisiológica. _9112346 |
| 901 | _aBK | ||
| 942 | _cLIBRO | ||
| 949 |
_a581.634 C33 _bBC _cLIBRO _d33724002200355 _eLIBRO _gI.c/e _h112975 _i110514 _sb |
||
| 999 |
_c98856 _d98856 |
||